| 000 | 02861cam a2200577 a 4500 | ||
|---|---|---|---|
| 001 | sjds657469 | ||
| 003 | sjds | ||
| 005 | 20180910174715.0 | ||
| 008 | 081208t20092009caua j 000 0deng | ||
| 010 | _a 2008053193 | ||
| 020 | _a9780892392285 (hard) | ||
| 020 | _a0892392282 (hard) | ||
| 035 | _a422797 | ||
| 035 | _a(OCoLC)278980866 | ||
| 040 |
_aDLC _cDLC _dBTCTA _dRLS _dZPP |
||
| 041 | 0 |
_aeng _aspa |
|
| 049 | _aIFAA | ||
| 099 | _aCHILDREN ESPANOL 759.972 RIVERA MARIN 2009 | ||
| 999 |
_c21299 _d21299 |
||
| 999 | _bCHILDREN ESPANOL 759.972 RIVERA MARIN 2009 | ||
| 100 | 1 |
_aRivera Marín, Guadalupe, _d1924- _eauthor. |
|
| 245 | 1 | 0 |
_aMy papa Diego and me : _bmemories / _cGuadalupe Rivera Marín ; artwork, Diego Rivera = Mi papa Diego y yo : recuerdos / Guadalupe Rivera Marín ; arte, Diego Rivera. |
| 246 | 1 | 4 |
_aMy papa Diego and me : _bmemories of my father and his art |
| 246 | 3 | 0 | _aMemories of my father and his art |
| 246 | 3 | 1 |
_aMi papa Diego y yo : _brecuerdos de mi padre y su arte |
| 246 | 3 | 0 | _aRecuerdos de mi padre y su arte |
| 260 |
_aSan Francisco, Calif. : _bChildrens Book Press, _cc2009 |
||
| 264 | 1 |
_aSan Francisco, Calif. : _bChildrens Book Press, _c[2009] |
|
| 264 | 2 |
_a[Berkeley, Calif.] : _bDistributed to the book trade by Publishers Group West. |
|
| 264 | 4 | _cc2009 | |
| 300 |
_a29 pages : _billustrations (some color) ; _c28 cm |
||
| 336 |
_atext _btxt _2rdacontent |
||
| 337 |
_aunmediated _bn _2rdamedia |
||
| 338 |
_avolume _bnc _2rdacarrier |
||
| 520 | _aEn este libro ilustrado para niños con el arte de Diego Rivera, la hija de Rivera y Guadalupe Marín nos cuenta algo de su niñez y del arte de su padre. | ||
| 520 | _aIn this book for children, which is illustrated with paintings by Diego Rivera, the daughter of Rivera and Guadalupe Marín tells us about her childhood and about her father's art. | ||
| 521 | 8 |
_aAD 900 _bLexile |
|
| 526 | 0 |
_aAccelerated Reader _bLG _c4.3 _d0.5 _z132454SP |
|
| 546 | _aParallel English and Spanish texts = Textos paralelos en inglés y español. | ||
| 600 | 1 | 0 |
_aRivera, Diego, _d1886-1957 _vAnecdotes _vJuvenile literature. |
| 600 | 1 | 0 |
_aRivera Marín, Guadalupe, _d1924- _vAnecdotes _vJuvenile literature. |
| 600 | 1 | 7 |
_aRivera, Diego, _d1886-1957 _vAnecdotas _vLiteratura juvenil. _2bidex |
| 600 | 1 | 7 |
_aRivera Marín, Guadalupe, _d1924- _vBiografía _vAnecdotas _vLiteratura juvenil. _2bidex |
| 650 | 0 |
_aPainters _zMexico _vBiography _vAnecdotes _vJuvenile literature. |
|
| 650 | 0 |
_aPainting, Mexican _y20th century _vPictorial works. |
|
| 650 | 0 |
_aSpanish language materials _xBilingual _vJuvenile literature. |
|
| 650 | 7 |
_aPintores _zMéxico _vBiografía _vAnécdotas _vLiteratura juvenil. _2bidex |
|
| 650 | 7 |
_aPintura mexicana _ySiglo XX _vLibros de láminas. _2bidex |
|
| 650 | 7 |
_aMateriales bilingues en espanol _vLiteratura juvenil. _2bidex |
|
| 700 | 1 |
_aRivera, Diego, _d1886-1957. |
|
| 942 | _cBK | ||